| 000 | 01102nam a2200301Ia 4500 | ||
|---|---|---|---|
| 001 | 027927 | ||
| 008 | 221003m2005 xx 000 0 spa d | ||
| 035 | _aCENDO_18905 | ||
| 041 | _aspa | ||
| 111 | 2 |
_aDIA INTERNACIONAL DE LA ELIMINACION DE LA VIOLENCIA CONTRA LA MUJER _d2005 _918870 |
|
| 245 | 0 |
_a<[>Resolución del] 25 de noviembre : _bDía Internacional para la Eliminación de la Violencia contra las Mujeres [2005] / _cSecretaría Confederal de la Mujer de CCOO |
|
| 260 |
_a[S.l.] : _bSecretaría Confederal de la Mujer, _c2005 |
||
| 300 | _a2 p. | ||
| 650 |
_aMUJERES _9199 |
||
| 650 | 0 |
_aVIOLENCIA _92442 |
|
| 650 | 0 |
_aIGUALDAD DE OPORTUNIDADES _9590 |
|
| 650 | 0 |
_aDIA INTERNACIONAL DE LA ELIMINACION DE LA VIOLENCIA CONTRA LA MUJER _910927 |
|
| 650 | 0 |
_aACTITUD SINDICAL _961 |
|
| 650 |
_aCCOO _960 |
||
| 710 | 2 |
_aCCOO _bConfederación Sindical _bSecretaría de la Mujer _9398 |
|
| 856 |
_zPDF _uhttp://docpublicos.ccoo.es/cendoc/027927Resolucion25deNoviembre2005.pdf |
||
| 901 | _a2 | ||
| 903 | _aNO | ||
| 904 | _a000 | ||
| 910 | _a2005 | ||
| 942 |
_cDOCU_ELEC _2ddc |
||
| 999 |
_c18904 _d18904 |
||